| 000 | 00810nas a2200265 4500 | ||
|---|---|---|---|
| 001 | BR9209057 | ||
| 003 | BR-BrBNA | ||
| 005 | 20231205093215.0 | ||
| 007 | ta | ||
| 008 | 230509b bl.|||p| |||| 00| 00por d | ||
| 040 |
_aBR-BrBNA _bpor _cBiblioteca Nacional de Agricultura |
||
| 041 | _a(Pt) | ||
| 072 | _aK10 | ||
| 100 | 1 | _aMcTague, J.P. | |
| 100 | 1 | _aBatista, J.L.F. | |
| 100 | 1 | _aSteiner, L.H. | |
| 245 | 1 | _aEquacoes de volume total, volume comercial e forma do tronco para plantacao de Eucalyptus nos estados de Sao Paulo e Rio de Janeiro | |
| 650 | _aEUCALIPTO | ||
| 650 | _aVOLUME | ||
| 650 | _aSAO PAULO | ||
| 650 | _aRIO DE JANEIRO | ||
| 773 | 0 |
_tIPEF (Brazil) _xISSN 0100-4557 _g(1989), (no. 41-42) p. 56-63 _wBR9209057 |
|
| 909 |
_a202311 _bLúcia _c55 _dLúcia Elande |
||
| 942 |
_2AGRIS _n0 _cANA |
||
| 999 |
_c136851 _d136851 |
||